000 00466nam a22001817a 4500
005 20241127123925.0
008 241127b |||||||| |||| 00| 0 eng d
020 _a8127205834
050 _aHD 1410.5 BRO
_b1
100 _aBroadway, A.C
245 _aA textbook of Agri-Business management
250 _a1st
260 _aDelhi
_bKalyani Publishers
_c2002c
300 _aiv,634p
500 _aBib, Tables
700 _aBroadway,A Arif
942 _2lcc
_cBK
_e1st
_n0
999 _c1606
_d1606